Derecho parlamentario español / (Registro nro. 153717)

Detalles MARC
000 -LEADER
fixed length control field nam a22 7a 4500
005 - DATE AND TIME OF LATEST TRANSACTION
control field 20200120114516.0
008 - FIXED-LENGTH DATA ELEMENTS--GENERAL INFORMATION
fixed length control field 910517s1990 sp b 000 0 spa
020 ## - INTERNATIONAL STANDARD BOOK NUMBER
International Standard Book Number 842396549X
050 04 - LIBRARY OF CONGRESS CALL NUMBER
Classification number KKT2516
Item number S26 1990
100 1# - MAIN ENTRY--PERSONAL NAME
Personal name Santaolalla López, Fernando.
245 10 - TITLE STATEMENT
Title Derecho parlamentario español /
Statement of responsibility, etc Fernando Santaolalla.
250 ## - EDITION STATEMENT
Edition statement 1a ed.
260 ## - PUBLICATION, DISTRIBUTION, ETC. (IMPRINT)
Place of publication, distribution, etc Madrid :
Name of publisher, distributor, etc Espasa Calpe,
Date of publication, distribution, etc 1990
300 ## - PHYSICAL DESCRIPTION
Extent 433 p. ;
Dimensions 20 cm.
490 0# - SERIES STATEMENT
Series statement Espasa-universidad ;
Volume number/sequential designation 22
504 ## - BIBLIOGRAPHY, ETC. NOTE
Bibliography, etc Incluye bibliografías.
650 #4 - SUBJECT ADDED ENTRY--TOPICAL TERM
Topical term or geographic name as entry element Practica parlamentaria
Geographic subdivision España
650 #7 - SUBJECT ADDED ENTRY--TOPICAL TERM
Topical term or geographic name as entry element Cuerpos legislativos
Geographic subdivision España
Source of heading or term lemb
942 ## - ADDED ENTRY ELEMENTS (KOHA)
Source of classification or shelving scheme Biblioteca del Cogreso de los Estados Unidos
Koha item type Libro
Existencias
Estado de pérdida Fuente de clasificación Estado del daño No para préstamo Ubicación permanente Ubicación actual Apartado o colección Fecha de adquisición Fuente de adquisición Edición Área del conocimiento Clasificación Código de Barras Date last seen Número de copia Costo por reposición Tipo de recurso
  Biblioteca del Cogreso de los Estados Unidos     Biblioteca del Posgrado en Derecho Biblioteca del Posgrado en Derecho Colección Ernesto Villanueva 20/01/2020 Donación 1a ed. Ciencias Sociales y Administrativas KKT2516 S26 1990 BPD000001278 20/01/2020 1 1.00 Libro